Statistiken für Schnelle Mathematik - Zahlen Level 15

Klicken Sie hier um das Quiz zu spielen!

Allgemein

  • Dieses Quiz wurde 85 mal gespielt
  • Das Durchschnittsergebnis liegt bei 22 aus 50

Antwortstatistiken

ZahlZahl% Korrekt
99
75%
33
58%
00
57%
44
56%
99
56%
11
55%
11
55%
22
55%
33
54%
44
53%
11
52%
11
52%
44
52%
77
52%
77
50%
88
50%
88
50%
00
48%
00
48%
11
48%
44
48%
66
48%
66
48%
77
48%
88
48%
88
48%
11
46%
22
46%
44
46%
88
46%
22
45%
66
45%
99
45%
00
44%
33
44%
66
44%
77
44%
55
43%
99
43%
55
42%
55
42%
77
42%
55
41%
00
40%
22
40%
99
40%
00
39%
66
38%
22
37%
44
37%
33
36%
22
35%
66
35%
55
33%
77
32%
33
30%
88
30%
99
30%
33
29%
55
25%

Verteilung der Resultate

Perzentil nach korrekt beantworteten Fragen

Anzahl Personen mit jedem Resultat

Ihre Resultats-Entwicklung

Sie haben dieses Quiz noch nicht gespielt